| 000 | 00868nam a22002057a 4500 | ||
|---|---|---|---|
| 005 | 20240814173938.0 | ||
| 008 | s2541 th tha d | ||
| 041 | _atha | ||
| 100 | 0 | _aมานิตย์ จุมปา | |
| 245 | 1 | 0 | _aความรู้เบื้องต้นเกี่ยวกับรัฐธรรมนูญแห่งราชอาณาจักรไทย พ.ศ.2540 |
| 260 | 3 |
_a9747717131 : _bนิติธรรม, _c2541 |
|
| 300 |
_a298 หน้า ; _b 26 ซม. |
||
| 650 | 0 | 4 | _aรัฐธรรมนูญ -- ไทย -- 2540 |
| 650 | 0 | 4 | _aไทย -- รัฐธรรมนูญ -- 2540 |
| 850 | _aNALT | ||
| 942 |
_cLB _02 |
||
| 997 | _c000000000016790 | ||
| 998 |
_aนางสาวเบญจลักษณ์ สุทธิวิไล _j25 _k นีลวัสน์ อินทรักษา |
||
| 999 |
_c16790 _d16790 |
||
| 090 | _aKD32/2540 ม453ค 2541 | ||